| 000 | 00982nam a2200265Ia 4500 | ||
|---|---|---|---|
| 003 | OSt | ||
| 005 | 20220923212617.0 | ||
| 006 | a|||||r|||| 00| 0 | ||
| 007 | ta | ||
| 008 | 220922b |||||||| |||| 00| 0 hin d | ||
| 024 | _a154,528 | ||
| 037 | _cTextual | ||
| 040 |
_aARTS _cARTS _bhin |
||
| 041 |
_2hin _ahin |
||
| 082 | _aO1520m33k, L4 | ||
| 100 |
_aजगन्नाथन, वी0 रा0 _9160419 |
||
| 245 | 0 | _aहिन्दी और तमिल की समानस्त्रोतीय भिन्नार्थो शब्दावली | |
| 246 | _aHindī aur tamil kī samānastrotīya bhinnārtho shabdāvalī | ||
| 250 | _aसंस्क 2 | ||
| 260 |
_aआगरा _b हिन्दी संस्थान _c1974 |
||
| 300 |
_a104 पृ. _ccm. |
||
| 650 |
_aहिन्दी साहित्य _9156264 |
||
| 942 |
_hO1520m33k, L4 _cTEXL _2CC |
||
| 999 |
_c310150 _d310150 |
||